| 000 | 00599nam a2200205 a 4500 | ||
|---|---|---|---|
| 001 | 5773 | ||
| 003 | CO-ViMGA | ||
| 008 | 141112s2004 ck r 000 u spa d | ||
| 020 | _a9586015149 | ||
| 040 |
_aCO-ViMGA _bspa _cCO-ViMGA |
||
| 082 | 0 | 4 | _a333.823 M157c |
| 100 | 1 |
_aMontenegro, Armando _94271 |
|
| 245 | 1 | 0 |
_aCusiana : _bun reto de Política economica / _cMontenegro Armando , Kiguel Miguel |
| 260 |
_aSantafé de Bogotá : _bTercer mundo, _c1994 |
||
| 300 | _a439 p | ||
| 650 | 1 | 4 |
_aCUSIANA _94272 |
| 650 | 1 | 4 |
_aKiguel, Miguel _94273 |
| 650 | 1 | 4 |
_aPETROLEO COLOMBIANO _96175 |
| 942 |
_2ddc _cBK |
||
| 999 |
_c17752 _d17752 |
||